Rzeczy, które są białe według obrazków - Statystyki

Ogólne statystyki
  • Ten quiz został rozwiązany 1 508 razy
    1 507 od ostatniego zresetowania
  • Średni wynik to 10 z 20
Statystyki odpowiedzi
Obrazkowy Hint Odpowiedź % Poprawnych
flaga tego państwa Finlandia
97%
rodzaj drzewa Brzoza
94%
zwierzę Łabędź
94%
jedzenie kalafior
90%
kontynent Antarktyda
80%
kwiatek Stokrotka
75%
budynek Tadź Mahal
58%
herb tego klubu piłkarskiego Ajax Amsterdam
52%
rodzaj ceramiki wynalezionej w Chinach Porcelana
51%
budynek Belweder w Warszawie
47%
wulkan Fudżi
41%
budynki na tej greckiej wyspie Santoryn
37%
rodzaj chmury Cirrus
26%
klify niedaleko tego angielskiego miasta Dover
25%
zwierzę Gronostaj
21%
zwierzę Białucha arktyczna
20%
substancja Kość słoniowa
16%
gatunek roślin {Szarotka} alpejska
16%
muzeum w Nowym Jorku Muzeum {Guggenheima}
12%
rasa psa biszon kędzierzawy
6%
Nie znaleziono quizów pasujących do podanych kryteriów
Rozkład punktacji
Procent ludzi z każdym wynikiem
Percentyl według liczby udzielonych odpowiedzi
Twoja historia wyników
Nie rozwiązałeś tego quizu od ostatniego zresetowania